La Filmographie de Johnny Depp - Statistiques

Statistiques générales
  • Ce quiz a été pris 746 fois
    571 depuis la dernière actualisation
  • Le résultat moyen est 20 sur 66
Statistiques - réponses
Année Film % Correct
2007 Pirates des Caraïbes: Jusqu'au bout du monde
94%
2011 Pirates des Caraïbes: la fontaine de jouvence
94%
2003 Pirates des Caraïbes: la malédiction du Black Pearl
94%
2017 Pirates des Caraïbes: la vengeance de Salazar
94%
2006 Pirates des Caraïbes: le secret du coffre maudit
94%
1990 Edward aux mains d'argent
85%
2005 Charlie et la chocolaterie
81%
2010 Alice au pays des merveilles
77%
2016 Alice de l'autre côté du miroir
77%
2016 Les animaux fantastiques
59%
2018 Les animaux fantastiques: les crimes de Grindelwald
59%
1999 Sleepy Hollow: la légende du cavalier sans tête
56%
2012 Dark shadows
53%
2007 Sweeney Todd: le diabolique barbier de Fleet Street
53%
2005 Les noces funèbres
42%
1984 Les griffes de la nuit
39%
1998 Las Vegas parano
38%
2012 21 jump street
36%
1990 Cry-Baby
36%
2013 Lone Ranger, naissance d'un héros
36%
1994 Ed Wood
35%
1993 Gilbert Grape
34%
2010 The tourist
34%
2011 Rango
33%
1997 Donnie Brasco
28%
1999 La neuvième porte
28%
2009 Public enemies
27%
2000 Le chocolat
26%
2004 Neverland
25%
2001 Blow
24%
2004 Fenêtre secrète
24%
2001 From Hell
24%
2017 Le crime de l'Orient-Express
24%
1992 Arizona dream
23%
2011 Rhum express
21%
2014 Transcendance
20%
1995 Dead man
19%
1991 La fin de Freddy: l'ultime cauchemar
19%
1986 Platoon
19%
1993 Benny and Joon
15%
2015 Charlie Mortdecai
15%
2015 Into the woods
13%
2009 L'imaginarium du docteur Parnassus
12%
1994 Don Juan DeMarco
11%
2003 Il était une fois au Mexique... Desperado 2
11%
1997 The Brave
9%
2018 City of lies
8%
1999 Intrusion
8%
1985 Private resort
8%
2016 Yoga hosers
8%
1995 Meurtre en suspens
7%
2004 Rochester, le dernier des libertins
7%
2014 Tusk
7%
2000 Avant la nuit
6%
2004 Ils se marièrent et eurent beaucoup d'enfants
6%
2019 Les derniers jours de Monsieur Brown
6%
2000 Les larmes d'un homme
4%
1998 I love L.A.
3%
2011 Jack et Julie
3%
2013 Lucky them
3%
2018 Séduction fatale
3%
1996 Cannes man
2%
2002 Lost in la Mancha
2%
2015 Strickly criminal
1%
2009 When you're strange
1%
2018 Brothers in arms
0%
Aucun quiz correspondant
Distribution des résultats
% des personnes avec chaque résultat
Percentile par nombre de réponses
Votre historique - résultats
Vous n’avez pas pris ce quiz depuis la dernière actualisation